U.S. Industrial Outlook 1993 Business Forecasts for 350 Industries

Guardado en:
Detalles Bibliográficos
Formato: Libro
Lenguaje:inglés
Publicado: Washington U.S. Department of Commerce 1993
Edición:1. ed.
Materias:
Etiquetas: Agregar Etiqueta
Sin Etiquetas, Sea el primero en etiquetar este registro!

MARC

LEADER 00000nam a2200000 4500
001 c018854
005 20221206075210.0
020 |a 0-16-038255-6 
041 0 |a eng 
044 |a US 
245 1 0 |a U.S. Industrial Outlook 1993  |b Business Forecasts for 350 Industries 
250 |a 1. ed. 
264 1 |a Washington  |b U.S. Department of Commerce  |c 1993 
300 |a [800] s. 
610 2 0 |a priemysel 
610 2 0 |a odvetvia činnosti ekonomickej 
610 2 0 |a odvetvia priemyselné 
610 2 0 |a prognózy hospodárske